000 00359nam a2200145Ia 4500
008 230917s9999||||xx |||||||||||||| ||und||
040 _e160688
_aMAIN
041 _aEnglish
082 _a387.7 R137C
100 _aRaju, G
245 0 _aCivil aviation: A global perspective
260 _aNew Delhi
_bExcel Books
_c2009
300 _axv, 175 p.
942 _cBK
999 _c153142
_d153142